Why this co-operativisation / (Record no. 8799)
[ view plain ]
| 000 -LEADER | |
|---|---|
| fixed length control field | 00423cam a2200169ua 4500 |
| 041 ## - LANGUAGE CODE | |
| Language code of text/sound track or separate title | eng |
| 082 ## - DEWEY DECIMAL CLASSIFICATION NUMBER | |
| Classification number | 334.01 |
| Item number | MOO/WH |
| 100 ## - MAIN ENTRY--AUTHOR NAME | |
| Personal name | Moosad, P.N . |
| 245 ## - TITLE STATEMENT | |
| Title | Why this co-operativisation / |
| 260 ## - PUBLICATION, DISTRIBUTION, ETC. (IMPRINT) | |
| Place of publication | Calicut : |
| Name of publisher | Prakasa kaumudi co-operative press , |
| Year of publication | 1965. |
| 300 ## - PHYSICAL DESCRIPTION | |
| Number of Pages | 56 ; . |
| 942 ## - ADDED ENTRY ELEMENTS (KOHA) | |
| Koha item type | Books |
| Withdrawn status | Lost status | Damaged status | Home library | Current library | Date acquired | Cost, normal purchase price | Full call number | Accession Number | Koha item type |
|---|---|---|---|---|---|---|---|---|---|
| Withdrawn | Lost and Paid For | KAUAET | KAUAET | 07/04/2012 | 1.00 | 334.01 | 7291 | Books | |
| Withdrawn | Lost and Paid For | KAUAET | KAUAET | 23/06/2020 | 1.00 | 334.01 MOO/WH | 7289 | Books | |
| Withdrawn | Lost and Paid For | KAUAET | KAUAET | 23/06/2020 | 1.00 | 334.01 MOO/WH | 7290 | Books |
